000 02539nam0a2200421 4500
001 RU\NLR\BIBL_A\022114430
005 20240209152223.0
010 _a978-5-00214-224-8
_918000
021 _aRU
_bКН-П-23-080514
_9КН-П-23-8165
035 _a(NLR Aleph) 022114430
035 _a(RuMoRGB)012414517
090 _a12787718
_c12787718
100 _a20240123d2023 k y0rusy50 ca
101 1 _arus
_ceng
102 _aRU
105 _aab z 000yy
181 0 _ai3
_baxxe
181 0 _ab2
_bxb2e
182 0 _an
200 1 _aКитайские мифы
_eот Царя обезьян и Нефритового императора до небесных драконов и духов стихий
_fТао Тао Лю
_gперевод с английского Василия Горохова
203 _aТекст
_aИзображение
_bвизуальные
_cнепосредственные
210 _aМосква
_cМанн, Иванов и Фербер
_d2023
215 _a222, [1] с.
_cцв. ил., карта
_d21
225 1 _aМифы от и до
330 _aВеличественные драконы, божественные императоры, духи гор, рек и морей... Более двух тысяч лет назад китайцы рассказывали истории, по сложности сопоставимые с мифами Древней Греции, но совсем не похожие на них. Переплетаясь с другими религиями и учениями - даосизмом, конфуцианством, буддизмом, - древние китайские мифы менялись и обрастали новыми мотивами и сюжетами. Несмотря на все перемены, эти легенды никогда не умирали и продолжают удивлять до сих пор
333 _a16+
606 _aМифология китайская
_91338112
_3RU\NLR\AUTH\66557434
606 1 _aМифы китайские
_91338114
_3RU\NLR\AUTH\66557435
675 _a398.2(510)
_v4
686 1 _aЭ319.1(5Кит)
686 1 _aШ3(54Кит)-60
700 0 _aТао Тао Лю
856 4 _qapplication/pdf
_s[226] с.
_uhttp://dlib.rsl.ru/rsl01012000000/rsl01012414000/rsl01012414517/rsl01012414517.pdf
_yЧитать
942 _cBOOK
980 _aNB